| 000 | 00572nam a22002057a 4500 | ||
|---|---|---|---|
| 003 | OSt | ||
| 005 | 20160720173159.0 | ||
| 008 | 160720b xxu||||| |||| 00| 0 eng d | ||
| 020 | _a0443066434. | ||
| 040 | _cDNLM. | ||
| 082 | _aWC100M52m 2005. | ||
| 100 |
_aMandell,L.Gerald;[et..al] _910334 |
||
| 245 | _aPinciples and Practice of Infectious Diseases. | ||
| 250 | _a6th ed | ||
| 260 |
_aPhiladelphia, _bElsevier Churchill; _c2005 |
||
| 300 |
_a1729,3661p; _bcol,ill; _c27cm. |
||
| 504 | _aincludes index. | ||
| 650 |
_aInfectious Diseases. _92563 |
||
| 942 |
_2z _cO_SHELF |
||
| 999 |
_c4813 _d4813 |
||